Waktu. (Record no. 87549)

MARC details
000 -LEADER
fixed length control field 00568cam a22002291 4500
001 - CONTROL NUMBER
control field sa 68017158
003 - CONTROL NUMBER IDENTIFIER
control field DLC
005 - DATE AND TIME OF LATEST TRANSACTION
control field 20260227112700.0
008 - FIXED-LENGTH DATA ELEMENTS--GENERAL INFORMATION
fixed length control field 790111q19601969io 000 0 ind
010 ## - LIBRARY OF CONGRESS CONTROL NUMBER
LC control number sa 68017158
035 ## - SYSTEM CONTROL NUMBER
System control number (OCoLC)4540579
040 ## - CATALOGING SOURCE
Original cataloging agency DLC
Transcribing agency OAU
Modifying agency DLC
042 ## - AUTHENTICATION CODE
Authentication code premarc
050 00 - LIBRARY OF CONGRESS CALL NUMBER
Classification number BF637.T5
Item number K8
110 2# - MAIN ENTRY--CORPORATE NAME
Corporate name or jurisdiction name as entry element Kursus Kader Katolik.
245 10 - TITLE STATEMENT
Title Waktu.
260 ## - PUBLICATION, DISTRIBUTION, ETC.
Place of publication, distribution, etc. Djakarta,
Name of publisher, distributor, etc. K. K. K.
Date of publication, distribution, etc. [196-]
300 ## - PHYSICAL DESCRIPTION
Extent 35 p.
Dimensions 18 cm.
490 1# - SERIES STATEMENT
Series statement Its [Publikasi]
Volume/sequential designation 2
650 #0 - SUBJECT ADDED ENTRY--TOPICAL TERM
Topical term or geographic name entry element Time.
810 2# - SERIES ADDED ENTRY--CORPORATE NAME
Corporate name or jurisdiction name as entry element Kursus Kader Katolik.
Title of a work [Publikasi]
Volume/sequential designation 2.

No items available.

Powered by Koha